01428nac a22002651u 4500010001600000082001900016090001500035100003800050245022000088260015600308300005300464500008900517500011600606500001900722500002000741504003000761650002800791700002300819710004100842710003900883710009600922942002101018999001501039952010801054 a 84601704 a621.90209bZ18 c4289d4289 aZagorskiĭ, F. N. 13aAn outline of the history of metal cutting machines to the middle of the 19th century /cF.N. Zagorskii ; translated from Russian ; translation updated by the editor, Edwin A. Battison ; [translator, S.P. Pedneker]. aNew Delhi :bPublished for the Smithsonian Institution Libraries and the National Science Foundation, Washington, D.C., by Amerind Pub. Co.,1982c1982. aviii, 370 p., [6] p. of plates :bill. ;c25 cm. aTranslation of: Ocherki po istorii metallorezhushchikh stankov do serediny XIX veka. aAt head of title: Academy of Sciences of the USSR, Institute of the History of Natural Sciences and Technology. a"TT 74-52036." aIncludes index. aBibliography: p. 331-335. 0aMachine-toolsxHistory.1 aBattison, Edwin A.2 aSmithsonian Institution.bLibraries.2 aNational Science Foundation (U.S.)2 aInstitut istorii estestvoznaniiï¸ a︡ i tekhniki (Akademiiï¸ a︡ nauk SSSR) cBBk621.90209Z18 c4289d4289 00104070aMAINbMAINc1STd2007-09-03ePurchasel0o621.90209 ZAGp000000152r2025-07-15 00:00:00yBB